000 01071cam a2200277 i 4500
001 15308489
003 EG-ScBUE
005 20260511114723.0
008 080528s2008 nyua f b 001 0 eng d
020 _a9780521696920 (paperback : alk. paper)
040 _aDLC
_beng
_erda
_cDLC
_dEG-ScBUE
082 0 4 _a519.3
_222
_bGUR
100 1 _aGura, Ein-ya,
_eauthor.
_93339
245 1 0 _aInsights into game theory :
_ban alternative mathematical experience /
_cEin-Ya Gura and Michael Maschler.
264 1 _aNew York :
_bCambridge University Press,
_c2008.
300 _axiv, 236 pages :
_billustrations ;
_c24 cm
336 _2rdacontent
_atext
_btxt
337 _aunmediated
_2rdamedia
_bn
338 _avolume
_bnc
_2rdacarrier
504 _aIncludes bibliographical references and index.
650 7 _aGame theory.
_2BUEsh
_93340
655 _vReading book
700 1 _aMaschler, Michael,
_d1927-
_eauthor.
_93341
942 _2ddc
_cBB
999 _c11224
_d11224